| Tag |
First Indicator |
Second Indicator |
Subfields |
| LEADER |
00000aam a2200000 a 4500 |
| 001 |
in00001798921 |
| 005 |
20151025115341.0 |
| 008 |
930205s1991 ja a b f000 0 eng |
| 010 |
|
|
|a 93112200
|
| 035 |
|
|
|a (OCoLC)ocm28256126
|
| 040 |
|
|
|a DLC
|c DLC
|d TXA
|d UtOrBLW
|
| 043 |
|
|
|a pn-----
|
| 049 |
|
|
|a TXAM
|
| 050 |
0 |
0 |
|a QE501.4.P35
|b K63 1991
|
| 082 |
0 |
0 |
|a 538/.78164/4
|2 20
|
| 090 |
|
|
|a GC1.T65
|b A2 no. 29
|
| 100 |
1 |
|
|a Kobayashi, Kazuo,
|d 1933-
|
| 245 |
1 |
0 |
|a Paleomagnetic results and associated data of deep-sea sediment cores collected by The R. V. Hakuho Maru in a period, 1972-1987 /by /
|c Kazuo Kobayashi, Toshio Furuta, Akemi Hatanaka.
|
| 264 |
|
1 |
|a Tokyo, Japan :
|b Ocean Research Institute, University of Tokyo,
|c 1991.
|
| 300 |
|
|
|a 190 pages :
|b illustrations ;
|c 26 cm.
|
| 336 |
|
|
|a text
|b txt
|2 rdacontent
|
| 337 |
|
|
|a unmediated
|b n
|2 rdamedia
|
| 338 |
|
|
|a volume
|b nc
|2 rdacarrier
|
| 490 |
1 |
|
|a Bulletin of the Ocean Research Institute, University of Tokyo,
|x 0564-6898 ;
|v no. 29
|
| 500 |
|
|
|a Cover title.
|
| 504 |
|
|
|a Includes bibliographical references (pages 186-190).
|
| 650 |
|
0 |
|a Paleomagnetism
|z North Pacific Ocean.
|
| 650 |
|
0 |
|a Marine sediments
|z North Pacific Ocean.
|
| 700 |
1 |
|
|a Furuta, Toshio.
|
| 700 |
1 |
|
|a Hatanaka, Akemi.
|
| 830 |
|
0 |
|a Bulletin of the Ocean Research Institute, University of Tokyo.
|x 0564-6898 ;
|v no. 29.
|
| 994 |
|
|
|a E0
|b TXA
|
| 999 |
|
|
|a MARS
|
| 999 |
f |
f |
|s 47856bb8-7158-30fc-8be5-184c2a349092
|i 9b5604d2-e928-3222-9710-2af493118c2e
|t 0
|
| 952 |
f |
f |
|p ric
|a Texas A&M University
|b Rellis Campus
|c Joint Library Facility
|d Remote Storage
|t 0
|e GC1.T65 A2
|h Library of Congress classification
|i unmediated -- volume
|m A14816079991
|
| 998 |
f |
f |
|a GC1.T65 A2
|s no.28-29 (1990-1991)
|t 0
|l Remote Storage
|